| 000 | 00815 a2200217 4500 | ||
|---|---|---|---|
| 999 |
_c6118 _d6118 |
||
| 020 | _a9780273717638 | ||
| 050 | 0 | 0 | _aHT151 KNO 2009 |
| 100 | 1 |
_aKnox, Paul. _eauthor |
|
| 245 | 1 | 0 |
_aUrban social geography : _ban introduction / _cPaul Knox and Steven Pinch. |
| 250 | _a6th ed. | ||
| 264 |
_aLondon: _bPearson, _c2010 |
||
| 300 |
_axvii, 373 p. : _bill., maps ; |
||
| 500 | _aIncludes index | ||
| 504 | _aIncludes bibliographical references and index. | ||
| 650 | 0 | _aSociology, Urban. | |
| 650 | 0 | _aHuman geography. | |
| 650 | 0 | _aCites and towns. | |
| 700 | 1 |
_aPinch, Steven. _eauthor |
|
| 942 |
_2lcc _cBK _e6th _h151 _iKNO _kHT |
||